[Event "Muensterland Verbandsliga 1920"]
[Site "Germany"]
[Date "2019.09.28"]
[Round "2.7"]
[White "Rex, Dieter"]
[Black "Holstegge, Ludger"]
[Result "1-0"]
[WhiteElo "1698"]
[BlackElo "1734"]
[PlyCount "47"]
[EventDate "2019.09.07"]
[EventType "team-tourn"]
[EventRounds "7"]
[EventCountry "GER"]
[SourceTitle "EXT 2023"]
[Source "ChessBase"]
[SourceDate "2022.10.05"]
[SourceVersion "1"]
[SourceVersionDate "2022.10.05"]
[SourceQuality "1"]
[WhiteTeam "Telgte"]
[BlackTeam "Nordwalde"]
[WhiteTeamCountry "GER"]
[BlackTeamCountry "GER"]

1. d4 d5 2. c4 e6 3. Nf3 Nf6 4. Bg5 Be7 5. e3 Nbd7 6. Nc3 h6 7. Bh4 0-0 8. Be2 c6 9. 0-0 dxc4 10. Bxc4 b5 11. Bd3 Bb7 12. Rc1 Rc8 13. a3 a6 14. Bg3 c5 15. Bb1 Qb6 16. dxc5 Nxc5 17. Be5 Rfd8 18. Bd4 Qd6 19. Bxc5 Qxd1 20. Rfxd1 Rxd1+ 21. Rxd1 Bxc5 22. Ne5 Bxa3 23. bxa3 Rxc3 24. Rd8+ 1-0

[Event "Muensterland Verbandsklasse-B 0910"]
[Site "Germany"]
[Date "2010.04.24"]
[Round "9.8"]
[White "Rotterdam, Bernhard"]
[Black "Rex, Dieter"]
[Result "1/2-1/2"]
[WhiteElo "1653"]
[BlackElo "1782"]
[PlyCount "34"]
[EventDate "2009.09.19"]
[EventType "team-tourn"]
[EventRounds "9"]
[EventCountry "GER"]
[SourceTitle "EXT 2011"]
[Source "ChessBase"]
[SourceDate "2010.11.26"]
[SourceVersion "1"]
[SourceVersionDate "2010.11.26"]
[SourceQuality "1"]
[WhiteTeam "Ochtrup"]
[BlackTeam "Telgte"]
[WhiteTeamCountry "GER"]
[BlackTeamCountry "GER"]

1. e4 c5 2. Nf3 Nc6 3. d4 cxd4 4. Nxd4 a6 5. a4 d6 6. Nc3 e6 7. Be3 Nf6 8. Be2 Be7 9. 0-0 0-0 10. f4 Qc7 11. Bf3 Bd7 12. Kh1 Rac8 13. f5 Ne5 14. Be2 Nc4 15. Bc1 Rfd8 16. Qd3 Qc5 17. Nb3 Qc6 1/2-1/2

[Event "Muensterland Verbandsklasse-B 0910"]
[Site "Germany"]
[Date "2009.10.24"]
[Round "2.8"]
[White "Schlattmann, Martin"]
[Black "Rex, Dieter"]
[Result "1-0"]
[WhiteElo "1735"]
[BlackElo "1782"]
[PlyCount "47"]
[EventDate "2009.09.19"]
[EventType "team-tourn"]
[EventRounds "9"]
[EventCountry "GER"]
[SourceTitle "EXT 2011"]
[Source "ChessBase"]
[SourceDate "2010.11.26"]
[SourceVersion "1"]
[SourceVersionDate "2010.11.26"]
[SourceQuality "1"]
[WhiteTeam "Stadtlohn"]
[BlackTeam "Telgte"]
[WhiteTeamCountry "GER"]
[BlackTeamCountry "GER"]

1. d4 d5 2. e4 e6 3. e5 c5 4. c3 Nc6 5. Be3 Qb6 6. Qd2 Bd7 7. f4 cxd4 8. cxd4 Bb4 9. Nc3 Nge7 10. Nf3 Nf5 11. Bf2 0-0 12. g4 Nfe7 13. a3 Qa5 14. Rc1 Bxc3 15. Rxc3 Rac8 16. Bd3 a6 17. Bxh7+ Kxh7 18. Ng5+ Kg8 19. Qd3 Nf5 20. gxf5 f6 21. exf6 gxf6 22. Nxe6 Rf7 23. Qg3+ Kh8 24. Qh4+ 1-0

[Event "Muensterland Verbandsklasse-A 0607"]
[Site "Germany"]
[Date "2007.01.20"]
[Round "5.8"]
[White "Hartmann, Steffen"]
[Black "Rex, Dieter"]
[Result "1-0"]
[WhiteElo "1698"]
[BlackElo "1730"]
[PlyCount "65"]
[EventDate "2006.09.23"]
[EventType "team"]
[EventRounds "9"]
[EventCountry "GER"]
[SourceTitle "EXT 2008"]
[Source "ChessBase"]
[SourceDate "2007.11.25"]
[SourceVersion "1"]
[SourceVersionDate "2007.11.25"]
[SourceQuality "1"]
[WhiteTeam "Muenster SK IV"]
[BlackTeam "Telgte"]
[WhiteTeamCountry "GER"]
[BlackTeamCountry "GER"]

1. e4 c5 2. Nf3 g6 3. c3 d5 4. Bb5+ Bd7 5. Qe2 dxe4 6. Bxd7+ Nxd7 7. Qxe4 Qc7 8. 0-0 Bg7 9. Re1 e6 10. d3 Ngf6 11. Qf4 Qb6 12. Na3 0-0 13. Qa4 Qc7 14. Bf4 Qc8 15. Nc4 Ne8 16. Rad1 a6 17. Qa5 Qc6 18. Nfe5 Bxe5 19. Nxe5 Nxe5 20. Bxe5 f6 21. Bf4 e5 22. Bh6 Rf7 23. d4 b6 24. Qa3 exd4 25. cxd4 cxd4 26. Rxd4 Ng7 27. Red1 Qc7 28. Qb3 Kh8 29. Bf4 Qb7 30. Rd8+ Rf8 31. R8d7 Qe4 32. Bh6 Rg8 33. Qf7 1-0

[Event "Wesel Undeloh op"]
[Site "Wesel Undeloh"]
[Date "2005.04.16"]
[Round "5"]
[White "Geisensetter, Franz"]
[Black "Rex, Dieter"]
[Result "1-0"]
[WhiteElo "2027"]
[BlackElo "1795"]
[PlyCount "57"]
[EventDate "2005.04.14"]
[EventType "swiss"]
[EventRounds "7"]
[EventCountry "GER"]
[SourceTitle "EXT 2007"]
[Source "ChessBase"]
[SourceDate "2006.11.23"]
[SourceVersion "1"]
[SourceVersionDate "2006.11.23"]
[SourceQuality "1"]

1. e4 c5 2. Nf3 Nc6 3. c3 d5 4. exd5 Qxd5 5. Na3 a6 6. Nc4 Qd8 7. d4 e6 8. a4 cxd4 9. cxd4 Bb4+ 10. Bd2 Bxd2+ 11. Qxd2 a5 12. Qf4 Nf6 13. Nd6+ Ke7 14. Nb5 Re8 15. Be2 Nd5 16. Qh4+ Nf6 17. 0-0 Kf8 18. Rac1 Kg8 19. Ne5 Qb6 20. Rc3 Rd8 21. Rg3 Ne8 22. Bd3 f5 23. Qh5 Nxe5 24. dxe5 Qc5 25. Rh3 h6 26. g4 Qxe5 27. gxf5 exf5 28. Re3 Nf6 29. Qg6 1-0